Deterministic and stochastic optimal control /
Guardado en:
| Autor Principal: | |
|---|---|
| Otros Autores: | |
| Formato: | Libro |
| Idioma: | English |
| Publicado: |
Berlin ; New York :
Springer-Verlag,
1975.
|
| Series: | Applications of mathematics ; 1
|
| Materias: | |
| Acceso en línea: | Publisher description |
| Etiquetas: |
Agregar Etiqueta
Sin Etiquetas, Sea el primero en etiquetar este registro!
|
| LEADER | 01315pam a2200289 a 4500 | ||
|---|---|---|---|
| 001 | MAT.inmabb005932 | ||
| 008 | 750825s1975####gw#a#####b####001#0#eng## | ||
| 005 | 20160401163949.0 | ||
| 245 | 1 | 0 | |a Deterministic and stochastic optimal control / |c Wendell H. Fleming, Raymond W. Rishel. |
| 260 | |a Berlin ; |a New York : |b Springer-Verlag, |c 1975. | ||
| 300 | |a 222 p. : |b il. ; |c 24 cm. | ||
| 490 | 0 | |a Applications of mathematics ; 1 | |
| 504 | |a Incluye referencias bibliográficas (p. [213]-220) e índice. | ||
| 505 | 0 | |a 1. The Simplest Problem in Calculus of Variations -- 2. The Optimal Control Problem -- 3. Existence and Continuity Properties of Optimal Controls -- 4. Dynamic Programming -- 5. Stochastic Differential Equations and Markov Diffusion Processes -- 6. Optimal Control of Markov Diffusion Processes. | |
| 510 | 4 | |a MR, |c 56 #13016 | |
| 020 | |a 0387901558 | ||
| 100 | 1 | |a Fleming, Wendell Helms, |d 1928- | |
| 700 | 1 | |a Rishel, Raymond W. | |
| 650 | 0 | |a Control theory. | |
| 650 | 0 | |a Mathematical optimization. | |
| 650 | 0 | |a Markov processes. | |
| 650 | 0 | |a Diffusion processes. | |
| 084 | |a 49-02 (93-02) |2 msc2000 | ||
| 010 | |a 75028391 | ||
| 040 | |a DLC |c DLC |d DLC | ||
| 856 | 4 | 2 | |3 Publisher description |u http://www.loc.gov/catdir/enhancements/fy0814/75028391-d.html |
| 859 | |h 49 |i F597 |p A-4712 |b BIB. MATEMATICA | ||
